[Event "4th ch-EU"]
[Site "Liverpool ENG"]
[Date "2008.09.09"]
[Round "1"]
[White "Cruz Alvarez de Ron,D"]
[Black "Bacrot,E"]
[Result "0-1"]
[WhiteElo "2278"]
[BlackElo "2691"]
[EventDate "2008.09.09"]

1. Nf3 g6 2. e4 Bg7 3. d4 d6 4. Bc4 Nf6 5. Qe2 Nc6 6. O-O Bg4 7. c3 e5 8.
d5 Ne7 9. Bb5+ c6 10. dxc6 bxc6 11. Ba4 O-O 12. h3 Bc8 13. Rd1 Qc7 14. Bg5
Rb8 15. Bb3 Rd8 16. Nbd2 h6 17. Be3 g5 18. Qc4 Ng6 19. Qa4 Bb7 20. Qxa7 c5
21. Nc4 Nxe4 22. Na5 Ne7 23. Nxb7 Ra8 24. Nxd8 Rxa7 25. Bxf7+ Kh7 26. Ne6
Qb8 27. Nxg7 Kxg7 28. Bb3 Nf5 29. Bc1 Nf6 30. Bc2 Ne7 31. b3 Ned5 32. Bb2
Nf4 33. c4 Ra6 34. Bf5 Qa8 35. a3 h5 36. b4 cxb4 37. axb4 Rxa1 38. Rxa1 Qb7
39. b5 Nxg2 40. Kxg2 g4 41. hxg4 hxg4 42. Bxg4 Nxg4 43. Kg3 Nf6 44. Nh4 Qe4
45. f3 Nh5+ 46. Kh3 Nf4+ 47. Kg4 Qxc4 48. Ra7+ Kf6 49. Kg3 Nh5+ 50. Kh3 Qf4
0-1

[Event "4th ch-EU"]
[Site "Liverpool ENG"]
[Date "2008.09.09"]
[Round "1"]
[White "Lasinskas,P"]
[Black "Short,N"]
[Result "0-1"]
[WhiteElo "2269"]
[BlackElo "2655"]
[EventDate "2008.09.09"]

1. d4 e6 2. c4 b6 3. Nf3 Bb7 4. Nc3 Bb4 5. Bg5 Bxc3+ 6. bxc3 f6 7. Bf4 d6
8. Qc2 Qe7 9. e3 Nd7 10. Bg3 e5 11. Be2 Nh6 12. O-O O-O 13. Nd2 f5 14. f3
Rae8 15. Rae1 Kh8 16. e4 f4 17. Bf2 c5 18. Rd1 g5 19. h3 Nf6 20. a4 Nf7 21.
a5 Rb8 22. Rb1 Qc7 23. axb6 axb6 24. Rb2 h5 25. Rfb1 Bc6 26. Ra1 Rg8 27.
Rba2 Rg6 28. Ra7 Bb7 29. Qb2 g4 30. hxg4 hxg4 31. fxg4 Nd8 32. Rb1 Nc6 33.
Ra2 Bc8 34. g5 Nh7 35. d5 Ne7 36. Rba1 Nxg5 37. Kf1 Rh6 38. Bf3 Bd7 39. Ra8
Rxa8 40. Rxa8+ Kg7 41. Qa3 Nc8 42. Qa6 Rh1+ 43. Ke2 Kg6 44. Kd3 Nh7 45. Kc2
Nf6 46. Kd3 Ng4 47. Bxg4 Bxg4 48. Nf3 Rh8 49. Qa4 Bd7 50. Qa6 Rg8 51. Ke2
Kf7 52. Kf1 Bg4 53. Ke1 Rh8 54. Nh4 Kf6 55. Kd2 Qh7 56. Kd3 Qh5 57. Qa2 Qg5
58. Qa6 Rxh4 59. Rxc8 Bxc8 60. Qxc8 Rh6 61. Qd8+ Kg6 62. Qe8+ Kg7 63. Qd7+
Kf8 64. Qc8+ Kf7 65. Qd7+ Qe7 66. Qf5+ Kg7 67. Ke2 Rg6 68. Kf1 Qg5 69. Qd7+
Kh6 70. Qh3+ Qh5 71. Qc8 Kh7 72. Qd7+ Rg7 73. Qe6 Qh1+ 74. Ke2 Qxg2 75.
Qf5+ Kh6 76. Ke1 Qh1+ 77. Kd2 Qh5 78. Qf6+ Kh7 79. Qe6 Qg4 80. Qf6 Ra7 81.
Kc1 Qg6 82. Qd8 Qxe4 83. Qh4+ Kg7 0-1

[Event "4th ch-EU"]
[Site "Liverpool ENG"]
[Date "2008.09.09"]
[Round "1"]
[White "Tiviakov,S"]
[Black "Storey,Ch"]
[Result "1-0"]
[WhiteElo "2645"]
[BlackElo "2268"]
[EventDate "2008.09.09"]

1. e4 g6 2. d4 Bg7 3. c3 d5 4. Nd2 c5 5. dxc5 Nf6 6. exd5 Qxd5 7. Nb3 Qxd1+
8. Kxd1 O-O 9. Nf3 Rd8+ 10. Ke1 Nc6 11. Be2 e5 12. Be3 Be6 13. Ng5 Bd5 14.
f3 h6 15. Nh3 Be6 16. Rd1 Nd5 17. Bd2 f5 18. Nf2 a5 19. Nc1 a4 20. a3 Nf6
21. Ncd3 Bb3 22. Ra1 Ra5 23. Bd1 Bc4 24. Nb4 e4 25. fxe4 Rxc5 26. Bxa4 Nxe4
27. Nxe4 Re5 28. Bc2 Nxb4 29. axb4 Re7 30. Be3 fxe4 31. Bd1 Kh7 32. Be2 Bb3
33. Rf1 g5 34. Kf2 Rf7+ 35. Kg1 Rxf1+ 36. Kxf1 Kg6 37. Ra5 Bf6 38. Ke1 h5
39. Rb5 Bd5 40. Rb6 Kf5 41. Bxh5 g4 42. Bxg4+ Kxg4 43. Rxf6 Bc6 44. Kf2 Rh8
45. h3+ Kh4 46. b5 Bd7 47. c4 1-0

[Event "4th ch-EU"]
[Site "Liverpool ENG"]
[Date "2008.09.09"]
[Round "1"]
[White "Calzetta,M"]
[Black "Fridman,D2"]
[Result "0-1"]
[WhiteElo "2264"]
[BlackElo "2637"]
[EventDate "2008.09.09"]

1. e4 d6 2. d4 Nf6 3. Nc3 g6 4. Be3 Bg7 5. Qd2 O-O 6. Bh6 Bxh6 7. Qxh6 c5
8. O-O-O Ng4 9. Qd2 cxd4 10. Qxd4 Nc6 11. Qd2 Be6 12. h3 Nf6 13. Nf3 Qa5
14. a3 Rab8 15. Qh6 b5 16. Ng5 b4 17. Nd5 Bxd5 18. Rxd5 Qa4 19. b3 bxa3 20.
bxa4 a2 21. Kd2 Rb1 0-1

[Event "4th ch-EU"]
[Site "Liverpool ENG"]
[Date "2008.09.09"]
[Round "1"]
[White "L'Ami,E"]
[Black "Zhou,Y"]
[Result "1-0"]
[WhiteElo "2610"]
[BlackElo "2259"]
[EventDate "2008.09.09"]

1. d4 Nf6 2. c4 g6 3. Nc3 Bg7 4. e4 d6 5. Nf3 O-O 6. Be2 e5 7. Be3 Ng4 8.
Bg5 f6 9. Bc1 f5 10. exf5 exd4 11. Bg5 Qd7 12. Nd5 gxf5 13. Nxd4 c6 14.
Ne7+ Kh8 15. O-O Nh6 16. Re1 Ng8 17. Bh5 Be5 18. Nxg8 Rxg8 19. Rxe5 Qg7 20.
Rxf5 Bxf5 21. Nxf5 Qe5 22. Nxd6 1-0

[Event "4th ch-EU"]
[Site "Liverpool ENG"]
[Date "2008.09.09"]
[Round "1"]
[White "Fowler,S"]
[Black "Beliavsky,A"]
[Result "0-1"]
[WhiteElo "2256"]
[BlackElo "2606"]
[EventDate "2008.09.09"]

1. e4 c5 2. Nf3 d6 3. c3 Nf6 4. Qc2 g6 5. d4 cxd4 6. cxd4 Bg7 7. Nc3 O-O 8.
h3 a6 9. a4 Nc6 10. Be3 e5 11. Rd1 exd4 12. Nxd4 d5 13. Nxc6 bxc6 14. Be2
Be6 15. O-O Qa5 16. exd5 Nxd5 17. Nxd5 cxd5 18. Bd4 Rfc8 19. Qd2 Qxa4 20.
Bxg7 Kxg7 21. Ra1 Qe4 22. Rxa6 Rc2 23. Qd1 Rxa6 24. Bxa6 Rxb2 25. Qa1 Qd4
26. Be2 h5 27. Rd1 Qf6 28. Bf3 Rb5 29. Qa6 Qb2 30. Qd6 Rb7 31. Qc6 Rd7 32.
Bxd5 Qe5 0-1

[Event "4th ch-EU"]
[Site "Liverpool ENG"]
[Date "2008.09.09"]
[Round "1"]
[White "Laznicka,V"]
[Black "Kett,T"]
[Result "1-0"]
[WhiteElo "2601"]
[BlackElo "2247"]
[EventDate "2008.09.09"]

1. d4 Nf6 2. c4 e6 3. g3 d5 4. Nf3 dxc4 5. Bg2 c5 6. O-O Nc6 7. Ne5 Bd7 8.
Na3 Rc8 9. Naxc4 cxd4 10. Qb3 Nxe5 11. Nxe5 Bc6 12. Nxc6 bxc6 13. e3 Bc5
14. Qc2 Qb6 15. b4 Be7 16. Rd1 O-O 17. Rxd4 c5 18. Rc4 Nd5 19. Bd2 Qa6 20.
bxc5 Rc7 21. Rc1 Rfc8 22. c6 Nb6 23. Rc3 Nd5 24. Bxd5 exd5 25. Qb3 h6 26.
Qxd5 Rd8 27. Qe5 Bd6 28. Qe4 Qxa2 29. R3c2 Qa6 30. Qc4 Qxc4 31. Rxc4 Ba3
32. Ba5 Bxc1 33. Bxc7 Rc8 34. Bd6 Bd2 35. c7 Ba5 36. Re4 Bb6 37. Kf1 f5 38.
Re7 a5 39. Ke2 a4 40. Kd3 a3 41. Kc2 Ra8 42. Kb1 a2+ 43. Ka1 g5 44. Be5 1-0

[Event "4th ch-EU"]
[Site "Liverpool ENG"]
[Date "2008.09.09"]
[Round "1"]
[White "Naslund,M"]
[Black "Baramidze,D"]
[Result "0-1"]
[WhiteElo "2243"]
[BlackElo "2593"]
[EventDate "2008.09.09"]

1. d4 d5 2. c4 c6 3. Nf3 Nf6 4. Qb3 dxc4 5. Qxc4 Bf5 6. g3 e6 7. Bg2 Be7 8.
O-O O-O 9. Nc3 Nbd7 10. Qb3 Qb6 11. Nd2 Bg6 12. Nc4 Qa6 13. a4 Rfd8 14. Bf4
Nd5 15. Nxd5 cxd5 16. Ne5 Nxe5 17. Bxe5 Rac8 18. Rfc1 Rc6 19. Qb5 Rdc8 20.
Rxc6 Qxc6 21. Bf4 a6 22. Qa5 b6 23. Qe1 a5 24. Rc1 Qd7 25. Rxc8+ Qxc8 26.
e4 dxe4 27. Bxe4 Qd7 28. Bxg6 hxg6 29. Qd1 Bf6 30. Be3 Qd5 31. Qd2 Qb3 32.
h4 Qxa4 33. d5 Qa1+ 34. Kg2 exd5 35. Bxb6 a4 36. Qxd5 Qxb2 37. Bc5 Qb3 38.
Qd7 Bb2 39. Qd8+ Kh7 40. Qg5 a3 41. h5 Bf6 42. hxg6+ fxg6 0-1

[Event "4th ch-EU"]
[Site "Liverpool ENG"]
[Date "2008.09.09"]
[Round "1"]
[White "Smeets,J"]
[Black "Briscoe,C"]
[Result "1-0"]
[WhiteElo "2593"]
[BlackElo "2232"]
[EventDate "2008.09.09"]

1. e4 c5 2. Nf3 d6 3. d4 cxd4 4. Nxd4 Nf6 5. Nc3 a6 6. Be3 Ng4 7. Bc1 Nc6
8. h3 Nf6 9. g4 h6 10. f4 Qb6 11. Nb3 g5 12. Bg2 Bg7 13. fxg5 hxg5 14. Bxg5
Ne5 15. Qe2 Be6 16. Be3 Qb4 17. O-O-O Nfxg4 18. hxg4 Bxg4 19. Rxh8+ Bxh8
20. Qf1 Bxd1 21. Nd5 Qc4 22. Qxd1 Rc8 23. Nb6 Nd3+ 24. Kb1 Nxb2 25. Qd2 Qe6
26. Nxc8 Nc4 27. Nxd6+ exd6 28. Qe2 d5 29. Bc1 Qe5 30. Bf3 Kd8 31. exd5 Qc3
32. a3 b5 33. Bh5 Be5 34. Bxf7 a5 35. Qd3 Qe1 36. d6 Nxa3+ 37. Ka2 Qh4 38.
Bxa3 a4 39. Qxb5 axb3+ 40. Qxb3 1-0

[Event "4th ch-EU"]
[Site "Liverpool ENG"]
[Date "2008.09.09"]
[Round "1"]
[White "Groffen,H"]
[Black "Berg,E"]
[Result "0-1"]
[WhiteElo "2228"]
[BlackElo "2592"]
[EventDate "2008.09.09"]

1. d4 Nf6 2. c4 c5 3. d5 e6 4. Nc3 exd5 5. cxd5 d6 6. Nf3 g6 7. e4 Bg7 8.
Bg5 h6 9. Bh4 a6 10. Nd2 b5 11. Be2 O-O 12. Qc2 Re8 13. O-O Nbd7 14. a4 b4
15. Nd1 g5 16. Bg3 Nxd5 17. Bf3 Nf4 18. e5 d5 19. Bxf4 gxf4 20. Bxd5 Ra7
21. Bc6 Rxe5 22. Nf3 Re6 23. Bxd7 Rxd7 24. Qxc5 Bb7 0-1

[Event "4th ch-EU"]
[Site "Liverpool ENG"]
[Date "2008.09.09"]
[Round "1"]
[White "Werle,J"]
[Black "Constantinou,Pe"]
[Result "1-0"]
[WhiteElo "2591"]
[BlackElo "2225"]
[EventDate "2008.09.09"]

1. d4 d5 2. c4 c6 3. Nc3 Nf6 4. Nf3 dxc4 5. a4 Na6 6. e4 Bg4 7. Bxc4 Bxf3
8. gxf3 e6 9. Be3 Nb4 10. a5 b5 11. axb6 axb6 12. Rxa8 Qxa8 13. Rg1 g6 14.
Kf1 Be7 15. f4 b5 16. Be2 O-O 17. Bf3 Rd8 18. Qb3 Qc8 19. Kg2 c5 20. Nxb5
Qa6 21. Nc7 Qb6 22. e5 Nd7 23. Rc1 cxd4 24. Bd2 Rb8 25. Rc4 Nc5 26. Qxb4
Qxc7 27. Qa3 Qb6 28. Bb4 Rc8 29. Rxd4 Nd3 30. Qxd3 Bxb4 31. Rd7 Rb8 32. Qc4
Be1 33. Qe2 Ba5 34. f5 gxf5 35. Qc4 Rd8 36. Rb7 Qd4 37. Qxd4 Rxd4 38. Bh5
Rb4 39. Bxf7+ Kh8 40. Rxb4 Bxb4 41. Bxe6 f4 42. Kf3 Bc5 43. b4 Bxb4 44.
Kxf4 Kg7 45. Ke4 Kf8 46. f4 1-0

[Event "4th ch-EU"]
[Site "Liverpool ENG"]
[Date "2008.09.09"]
[Round "1"]
[White "Tebb,D"]
[Black "Luther,T"]
[Result "1/2-1/2"]
[WhiteElo "2215"]
[BlackElo "2570"]
[EventDate "2008.09.09"]

1. e4 e6 2. d4 d5 3. Nc3 Nf6 4. e5 Nfd7 5. f4 c5 6. Nf3 Nc6 7. Be3 Qb6 8.
Na4 Qa5+ 9. c3 b6 10. Bd2 c4 11. b4 Qa6 12. Nb2 Qa3 13. Nxc4 dxc4 14. Bxc4
Ba6 15. Bb3 Nxb4 16. cxb4 Bxb4 17. Bxb4 Qxb4+ 18. Qd2 Qe7 19. Kf2 O-O 20.
Rhc1 Bb7 21. Rc3 Rfd8 22. Qe3 Nf8 23. Rac1 Rac8 24. Rxc8 Bxc8 25. d5 exd5
26. Nd4 Bd7 27. Bxd5 Be6 28. Be4 1/2-1/2

[Event "4th ch-EU"]
[Site "Liverpool ENG"]
[Date "2008.09.09"]
[Round "1"]
[White "Limontaite,S"]
[Black "David,Alb"]
[Result "0-1"]
[WhiteElo "2200"]
[BlackElo "2568"]
[EventDate "2008.09.09"]

1. d4 Nf6 2. c4 e6 3. Nf3 d5 4. Nc3 Bb4 5. Qa4+ Nc6 6. Ne5 Bd7 7. Nxc6
Bxc3+ 8. bxc3 Bxc6 9. Qb3 dxc4 10. Qxc4 Ne4 11. Qd3 O-O 12. Be3 Qh4 13. Qc2
Nd6 14. Qc1 f6 15. g3 Qh5 16. f3 e5 17. Bg2 Bb5 18. Kf2 Rae8 19. Re1 e4 20.
Kg1 Bxe2 21. g4 Qb5 22. fxe4 Nxe4 23. Bf4 Qc4 24. h3 Nxc3 25. Qd2 Bd3 26.
Kh1 Be4 27. Rac1 Bxg2+ 28. Qxg2 Rxe1+ 29. Rxe1 Nd5 30. Qe4 Nxf4 31. Qxf4
Rd8 32. Re4 h6 33. Qe3 Qxa2 34. Re8+ Rxe8 35. Qxe8+ Kh7 36. Qe4+ Kh8 37.
Qxb7 Qa1+ 38. Kh2 Qxd4 39. Kg2 Qc5 40. Qa8+ Kh7 41. Qe4+ Kg8 42. h4 Kf7 43.
h5 a5 44. Qd3 Qc6+ 45. Kh3 a4 46. Qg6+ Kf8 47. Qd3 Qd6 48. Qc4 a3 49. Qe4
Qc5 50. Qf3 Qa5 51. Qd3 Qa8 0-1

[Event "4th ch-EU"]
[Site "Liverpool ENG"]
[Date "2008.09.09"]
[Round "1"]
[White "Dgebuadze,A"]
[Black "Blackburn,J"]
[Result "1-0"]
[WhiteElo "2562"]
[BlackElo "2196"]
[EventDate "2008.09.09"]

1. e4 e6 2. d3 d5 3. Qe2 Be7 4. Nf3 c5 5. g3 Nc6 6. Bg2 Nf6 7. O-O h6 8.
Re1 g5 9. exd5 exd5 10. Ne5 Be6 11. Nxc6 bxc6 12. Nc3 Qd7 13. b3 O-O-O 14.
Na4 Rdg8 15. Ba3 h5 16. Bxc5 h4 17. Bxe7 Qxe7 18. Qe3 hxg3 19. hxg3 Rh2 20.
Qc5 Rxg2+ 21. Kxg2 Qd7 22. Qd4 Bh3+ 23. Kg1 Nh5 24. Nc5 Qf5 25. Qb4 Kc7 26.
Qb7+ 1-0

[Event "4th ch-EU"]
[Site "Liverpool ENG"]
[Date "2008.09.09"]
[Round "1"]
[White "Redmond,J"]
[Black "Sulskis,S"]
[Result "0-1"]
[WhiteElo "2188"]
[BlackElo "2562"]
[EventDate "2008.09.09"]

1. c4 e5 2. Nc3 Nc6 3. Nf3 g6 4. d4 exd4 5. Nxd4 Bg7 6. Nxc6 bxc6 7. g3 Rb8
8. Bg2 Rb4 9. Qd3 Qf6 10. a3 Rb8 11. O-O Qd4 12. Be3 Qxd3 13. exd3 Rxb2 14.
Na4 Rb3 15. Nc5 Rb8 16. Rab1 Rxb1 17. Rxb1 Ne7 18. Nb3 a6 19. Re1 d6 20.
Bd4 Bxd4 21. Nxd4 c5 22. Nc2 Be6 23. Ne3 Kd7 24. Rb1 g5 25. Kf1 f5 26. Ke2
f4 27. Nd5 Nxd5 28. Bxd5 Bxd5 29. cxd5 Re8+ 30. Kf3 h5 31. d4 fxg3 32. fxg3
cxd4 33. Rd1 Re3+ 34. Kf2 Rxa3 35. Rxd4 Ra2+ 36. Kf3 Rxh2 37. Ra4 Rc2 38.
Ra3 a5 39. Ke4 a4 40. Kf5 Rc5 0-1

[Event "4th ch-EU"]
[Site "Liverpool ENG"]
[Date "2008.09.09"]
[Round "1"]
[White "Howell,D"]
[Black "Surtees,M"]
[Result "1-0"]
[WhiteElo "2561"]
[BlackElo "2182"]
[EventDate "2008.09.09"]

1. d4 c6 2. c4 f6 3. Nf3 e5 4. Nc3 Bb4 5. dxe5 Bxc3+ 6. bxc3 Qa5 7. Qd4 Na6
8. Bf4 Nc5 9. Qe3 f5 10. Nd4 Ne7 11. Bg5 Rf8 12. g3 Ng8 13. h4 h6 14. Bf4
Ne7 15. Bg2 b6 16. O-O Qa4 17. e6 Nxe6 18. Nxe6 dxe6 19. Rfd1 Kf7 20. Bd6
Re8 21. Bf3 Ng8 22. Be5 Ba6 23. Rd7+ Re7 24. Rxe7+ Nxe7 25. Bh5+ Ng6 26.
Qd2 c5 27. Rd1 Bc8 28. Qd6 1-0

[Event "4th ch-EU"]
[Site "Liverpool ENG"]
[Date "2008.09.09"]
[Round "1"]
[White "James,Dav"]
[Black "Meier,Geo"]
[Result "0-1"]
[WhiteElo "2177"]
[BlackElo "2556"]
[EventDate "2008.09.09"]

1. Nf3 c5 2. c4 Nf6 3. Nc3 e6 4. g3 b6 5. Bg2 Bb7 6. O-O d6 7. d4 cxd4 8.
Qxd4 a6 9. e4 Nbd7 10. Re1 Be7 11. b3 Qc8 12. Bb2 O-O 13. Rac1 Re8 14. Qd2
Qc7 15. Nd4 Rad8 16. h3 Bf8 17. Kh2 Qb8 18. Rcd1 Nc5 19. Qe2 g6 20. Bc1 Bg7
21. Qc2 Rc8 22. Qd2 Red8 23. Qe3 Qa8 24. f3 Re8 25. Qd2 Red8 26. Nde2 Qb8
27. Nd4 Nh5 28. f4 Qa8 29. Bb2 e5 30. Nc2 exf4 31. g4 Ng3 32. Nb4 Re8 33.
Nbd5 Be5 34. Bf3 Qa7 35. g5 Ne6 36. Nf6+ Kh8 37. Nxe8 Nxg5 38. Qg2 Rxe8 39.
h4 Nxf3+ 40. Qxf3 Bc8 41. Na4 Kg8 42. Bxe5 dxe5 43. Kg2 b5 44. Nb2 Qe7 45.
cxb5 Qxh4 46. Rd5 Bg4 0-1

[Event "4th ch-EU"]
[Site "Liverpool ENG"]
[Date "2008.09.09"]
[Round "1"]
[White "Jones,G"]
[Black "Williamson,R"]
[Result "1-0"]
[WhiteElo "2549"]
[BlackElo "2169"]
[EventDate "2008.09.09"]

1. e4 e5 2. Nf3 Nc6 3. d4 exd4 4. Nxd4 Nf6 5. Nxc6 bxc6 6. e5 Qe7 7. Qe2
Nd5 8. c4 Ba6 9. b3 O-O-O 10. g3 g5 11. Bb2 Bg7 12. Nd2 Nb4 13. O-O-O c5
14. f4 Bb7 15. Bg2 Nd3+ 16. Qxd3 Bxg2 17. Rhe1 gxf4 18. gxf4 Bc6 19. Qh3 h5
20. Kb1 Bh6 21. f5 Rhg8 22. Ne4 Bf4 23. Nf6 Rg2 24. Nd5 Qg5 25. e6 Rxh2 26.
Qf3 Qxf5+ 27. Ka1 Qc2 28. Rb1 Rf2 29. exd7+ Kb7 30. Qxh5 Bd2 31. Qh4 Bxd5
32. Qxf2 Bc6 33. Re7 Rxd7 34. Rxd7 Bxd7 35. Rc1 Qxc1+ 36. Bxc1 Bxc1 37.
Qxc5 c6 38. Qe7 1-0

[Event "4th ch-EU"]
[Site "Liverpool ENG"]
[Date "2008.09.09"]
[Round "1"]
[White "Bennett,P"]
[Black "Miezis,N"]
[Result "0-1"]
[WhiteElo "2120"]
[BlackElo "2540"]
[EventDate "2008.09.09"]

1. d4 Nf6 2. c4 c5 3. d5 e6 4. Nc3 exd5 5. cxd5 Bd6 6. Nf3 Bc7 7. g3 d6 8.
Bg2 O-O 9. O-O a6 10. a4 Re8 11. Nd2 Nbd7 12. e4 Rb8 13. b3 Ne5 14. Qc2 b5
15. Bb2 Bd7 16. f4 Neg4 17. Nd1 Bb6 18. Kh1 Qe7 19. h3 Nh6 20. Qc3 Nh5 21.
Qf3 g6 22. Qc3 f6 23. g4 Nxg4 24. hxg4 Bxg4 25. Nf2 b4 26. Qc2 Be2 27. Nc4
f5 28. Rfe1 Qh4+ 29. Kg1 Bxc4 30. bxc4 Nxf4 31. exf5 gxf5 32. Qxf5 Re2 33.
Qxf4 Rxe1+ 34. Rxe1 Qxf4 35. Ne4 Rf8 36. Bh3 h6 37. Re2 Bd8 38. Rg2+ Bg5
39. Be6+ Kh7 40. Nxg5+ hxg5 41. Bg4 Qf1+ 42. Kh2 Rf2 0-1

[Event "4th ch-EU"]
[Site "Liverpool ENG"]
[Date "2008.09.09"]
[Round "1"]
[White "Conquest,S"]
[Black "Yeo,M"]
[Result "1-0"]
[WhiteElo "2536"]
[BlackElo "2110"]
[EventDate "2008.09.09"]

1. e4 Nc6 2. d4 e5 3. d5 Nce7 4. Ne2 Nf6 5. Nbc3 Ng6 6. f3 Bc5 7. Na4 Qe7
8. Ng3 d6 9. Bb5+ Kf8 10. Nxc5 dxc5 11. O-O c4 12. Be3 Qb4 13. a4 Nf4 14.
Rf2 c3 15. Qe1 a6 16. bxc3 Qa5 17. Bf1 Bd7 18. Bd2 c5 19. c4 Qc7 20. a5 g6
21. Be3 Re8 22. Rd2 Kg7 23. Rdd1 Bc8 24. Qc3 N4h5 25. Nh1 Nd7 26. Nf2 f5
27. exf5 gxf5 28. Nd3 Rhf8 29. Qa3 e4 30. Nxc5 Ne5 31. d6 Qf7 32. f4 Nd7
33. Rab1 Nxc5 34. Bxc5 Qd7 35. Be3 1-0

[Event "4th ch-EU"]
[Site "Liverpool ENG"]
[Date "2008.09.09"]
[Round "1"]
[White "Lam,P"]
[Black "Hillarp Persson,T"]
[Result "1/2-1/2"]
[WhiteElo "2104"]
[BlackElo "2526"]
[EventDate "2008.09.09"]

1. e4 g6 2. d4 Bg7 3. Nf3 d6 4. Nc3 a6 5. a4 b6 6. Bc4 e6 7. O-O Nd7 8. Ne2
Bb7 9. Bd3 c5 10. c3 Ngf6 11. Ng3 O-O 12. h3 cxd4 13. cxd4 e5 14. dxe5 dxe5
15. Be3 Rc8 16. Qe2 a5 17. Rfd1 Qe7 18. Ba6 Bxa6 19. Qxa6 Qb4 20. Bd2 Qc4
21. Qxc4 Rxc4 22. Bc3 Re8 23. Nd2 Rc6 24. f3 h5 25. Ne2 Bh6 26. Nf1 Nc5 27.
Be1 Ne6 28. Nc3 Rc4 29. Bf2 Rb4 30. Ra2 Nc5 31. Bxc5 bxc5 32. Rd6 Kg7 33.
Ra6 Bc1 34. Rxa5 Bxb2 35. Rxc5 Ra8 36. a5 Ra6 37. Rc8 h4 38. Ne3 Nh5 39.
Ned5 Rb3 40. Kf2 Nf4 41. Nxf4 Bxc3 42. Nd5 Rxa5 43. Rxa5 Rb2+ 44. Kf1 Bxa5
45. Re8 Rb1+ 46. Ke2 Be1 47. Rxe5 Bg3 48. Re7 Rb2+ 49. Ke3 Rxg2 50. e5 Rg1
51. f4 Kf8 52. Rb7 g5 53. Ke4 gxf4 54. Rb8+ Kg7 55. Kf5 Re1 56. Nxf4 Rf1
57. Rb4 Rf3 58. Kg4 Re3 59. Nh5+ Kf8 60. Nxg3 hxg3 61. Rb2 Ke7 62. Kf4 Ra3
63. Rg2 Ke6 64. Rxg3 Ra4+ 65. Kg5 Re4 66. Rf3 Rxe5+ 67. Kg4 f5+ 68. Kg5 Re1
69. Kf4 Kf6 70. Rb3 Re4+ 71. Kg3 Kg5 72. Rb8 Re3+ 73. Kg2 Ra3 74. Rb4 Rc3
75. h4+ Kf6 76. Rb5 Rc4 77. Kg3 Rg4+ 78. Kh3 Ra4 79. Kg3 Rc4 80. Ra5 Rb4
81. Rc5 Rg4+ 82. Kh3 Kg6 83. Rc8 Ra4 84. Kg3 Ra1 85. Kf4 Rf1+ 86. Kg3 Rg1+
87. Kf3 Kf6 88. Rc6+ Ke5 89. Rc5+ Ke6 90. Rc6+ Kd5 91. Rf6 Ke5 92. Rf8 Rf1+
93. Kg3 f4+ 94. Kg2 Ra1 95. Kf3 Ra3+ 96. Kf2 Ke4 97. Re8+ Kf5 98. Rg8 Rh3
99. Rf8+ Kg4 100. Rg8+ Kf5 1/2-1/2

[Event "4th ch-EU"]
[Site "Liverpool ENG"]
[Date "2008.09.09"]
[Round "1"]
[White "Peacock,M"]
[Black "Hebden,M"]
[Result "0-1"]
[WhiteElo "2101"]
[BlackElo "2520"]
[EventDate "2008.09.09"]

1. c4 g6 2. g3 Bg7 3. Bg2 d6 4. Nc3 Nf6 5. e4 c5 6. Nge2 Nc6 7. d3 a6 8.
O-O Rb8 9. a4 O-O 10. h3 Ne8 11. Be3 e5 12. f4 exf4 13. gxf4 f5 14. Qd2 Nd4
15. Rae1 Nc7 16. b4 Nce6 17. bxc5 dxc5 18. e5 Bd7 19. Bf2 Qa5 20. Bh4 Rfe8
21. Qc1 Kh8 22. Nd5 Bxa4 23. Nxd4 Nxd4 24. Be7 Bc2 25. Re3 Bxd3 26. Rf2 Nb3
27. Qb2 Bxc4 28. Rxb3 Bxd5 29. Ra3 Qc7 30. Bd6 Qxd6 31. exd6 Bxb2 32. Rxb2
Bxg2 33. Kxg2 Rbd8 0-1

[Event "4th ch-EU"]
[Site "Liverpool ENG"]
[Date "2008.09.09"]
[Round "1"]
[White "Di Michele,R"]
[Black "Carlsson,P"]
[Result "0-1"]
[WhiteElo "2096"]
[BlackElo "2514"]
[EventDate "2008.09.09"]

1. b3 e5 2. Bb2 Nc6 3. e3 Nf6 4. Bb5 Bd6 5. d4 exd4 6. Bxc6 Bb4+ 7. Kf1
dxc6 8. Qxd4 Qe7 9. Qe5 Be6 10. Nf3 O-O-O 11. Nc3 Kb8 12. Ke2 Ng4 13. Qf4
Qc5 14. Qg5 f5 15. Nd4 Bxc3 16. Bxc3 Qxc3 17. Qxg7 Rhg8 0-1

[Event "4th ch-EU"]
[Site "Liverpool ENG"]
[Date "2008.09.09"]
[Round "1"]
[White "Haslinger,S"]
[Black "Owen,D"]
[Result "1-0"]
[WhiteElo "2511"]
[BlackElo "2095"]
[EventDate "2008.09.09"]

1. e4 e6 2. d4 d5 3. Nd2 dxe4 4. Nxe4 Nd7 5. Nf3 Ngf6 6. Nxf6+ Nxf6 7. c3
Be7 8. Bd3 O-O 9. O-O b6 10. Qe2 Bb7 11. Rd1 Qc8 12. Bf4 Rd8 13. Rac1 c5
14. Ne5 Bd5 15. dxc5 Qxc5 16. b4 Qc8 17. c4 Bc6 18. Bg5 Ba4 19. Rd2 Bxb4
20. Bxh7+ Kf8 21. Rd3 Rxd3 22. Bxd3 Ba3 23. Re1 Bb4 24. Rc1 Ba3 25. Rb1 Bc5
26. Qf3 Be7 27. Qh3 Ng8 28. Bxe7+ Kxe7 29. Qh8 Qf8 30. Qh4+ Nf6 31. c5 Bd7
32. Nxd7 Kxd7 33. Bb5+ Kc7 34. Qf4+ Kd8 35. Bc6 Rc8 36. Rd1+ Nd5 37. Bxd5
exd5 38. Rxd5+ Ke8 39. Qa4+ Ke7 40. Qd7+ Kf6 41. Qf5+ 1-0

[Event "4th ch-EU"]
[Site "Liverpool ENG"]
[Date "2008.09.09"]
[Round "1"]
[White "Majer,C"]
[Black "Edouard,R"]
[Result "0-1"]
[WhiteElo "2091"]
[BlackElo "2508"]
[EventDate "2008.09.09"]

1. e4 c5 2. d4 cxd4 3. c3 dxc3 4. Nxc3 Nc6 5. Nf3 d6 6. Bc4 a6 7. O-O Nf6
8. Bg5 e6 9. Qe2 h6 10. Bf4 e5 11. Be3 Be7 12. Rfd1 O-O 13. Rac1 Be6 14.
Bxe6 fxe6 15. Na4 Qe8 16. Nb6 Rd8 17. Qc4 Qf7 18. Qa4 Qg6 19. Qc4 Nxe4 20.
Qe2 d5 21. Rxc6 bxc6 22. Nxe5 Qe8 23. Qxa6 Bd6 24. Nd3 Qh5 0-1

[Event "4th ch-EU"]
[Site "Liverpool ENG"]
[Date "2008.09.09"]
[Round "1"]
[White "Gormally,D"]
[Black "McCarthy,Ji"]
[Result "1-0"]
[WhiteElo "2504"]
[BlackElo "2084"]
[EventDate "2008.09.09"]

1. d4 d5 2. c4 c6 3. Nf3 Nf6 4. Nc3 dxc4 5. a4 Bf5 6. Nh4 Bd7 7. g3 e6 8.
Bg2 Be7 9. O-O O-O 10. Nf3 c5 11. dxc5 Bxc5 12. Ne5 Bc6 13. Nxc4 Bxg2 14.
Kxg2 Nc6 15. Bf4 Nd5 16. Nxd5 exd5 17. Nd2 Re8 18. Nf3 Rc8 19. Qd3 h6 20.
Rac1 Bb6 21. Rfd1 Qf6 22. Qb5 g5 23. Bxg5 hxg5 24. Rxd5 Qe7 25. Rxg5+ Kf8
26. Rh5 Qxe2 27. Qg5 Qxf2+ 28. Kh3 Qxb2 29. Rc2 Qg7 30. Qh4 Ne7 31. Rh8+
Ng8 32. Qb4+ Rc5 33. Rxc5 Bxc5 34. Qxc5+ Re7 35. Rh4 b6 36. Qb4 Qg6 37. Nd4
Qd3 38. Rf4 Ke8 39. Nf5 Qd7 40. Kh4 Re2 41. Ng7+ Kd8 42. Rd4 1-0

[Event "4th ch-EU"]
[Site "Liverpool ENG"]
[Date "2008.09.09"]
[Round "1"]
[White "De Coverly,R"]
[Black "Abergel,T"]
[Result "0-1"]
[WhiteElo "2082"]
[BlackElo "2499"]
[EventDate "2008.09.09"]

1. Nf3 Nf6 2. g3 b6 3. Bg2 Bb7 4. d3 c5 5. O-O g6 6. e4 Bg7 7. Nc3 O-O 8.
h3 Nc6 9. Be3 Rc8 10. Qd2 d5 11. exd5 Nxd5 12. Bh6 Nf6 13. Bxg7 Kxg7 14.
Rae1 Qc7 15. Nh4 Nd4 16. Bxb7 Qxb7 17. Ne4 Rfd8 18. Nxf6 exf6 19. f4 Qa6
20. f5 g5 21. Nf3 Nxf3+ 22. Rxf3 Qxa2 23. Qc1 Qd5 24. Ree3 c4 25. dxc4 Rxc4
26. c3 Ra4 27. Rf2 Qb3 28. Qc2 Rd1+ 29. Kg2 Qd5+ 30. Ref3 Raa1 0-1

[Event "4th ch-EU"]
[Site "Liverpool ENG"]
[Date "2008.09.09"]
[Round "1"]
[White "Fox,An"]
[Black "Sebenik,M"]
[Result "0-1"]
[WhiteElo "2068"]
[BlackElo "2485"]
[EventDate "2008.09.09"]

1. e4 e5 2. Nf3 Nc6 3. Nc3 Nf6 4. Bb5 Bb4 5. O-O O-O 6. d3 Bxc3 7. bxc3 d6
8. Re1 Ne7 9. d4 c6 10. Bf1 Qa5 11. Bd2 Ng6 12. h3 h6 13. c4 Qc7 14. d5 c5
15. g3 Nh7 16. g4 Qe7 17. Rb1 Ng5 18. Nxg5 hxg5 19. Rb3 f6 20. Qb1 Qc7 21.
Qb2 Rf7 22. Rb1 Nf4 23. Bxf4 gxf4 24. Qc3 g6 25. Bg2 Rb8 26. a4 f5 27. f3
Qd8 28. Qe1 fxg4 29. fxg4 Rh7 30. a5 g5 31. R1b2 Qc7 32. Qa1 Bd7 33. Rb1
Be8 34. Qa3 Bg6 35. Qa4 Rf7 36. Qa3 Kg7 37. Kf2 Qd8 38. Kg1 Qh8 39. Rf1 Qh7
40. Qb2 Bxe4 41. Re1 Bxg2 42. Rxe5 dxe5 43. Qxe5+ Kg6 44. Qd6+ Rf6 45. Qxb8
f3 46. Qe8+ Qf7 47. Qe4+ Kh6 48. Kf2 Bxh3 49. Re3 Qg6 50. d6 Rxd6 51. Kxf3
Rf6+ 52. Kg3 Qxe4 53. Rxe4 Bf1 54. Re7 Bxc4 55. Rxb7 Ra6 56. Rc7 Rxa5 57.
Rc6+ Kg7 58. Rc7+ Bf7 0-1